[Event "IND-ch U13 Girls 35th"]
[Site "Puducherry"]
[Date "2022.12.17"]
[Round "10"]
[White "Saparya, Ghosh"]
[Black "Amrutha, Varshini Damisetty"]
[Result "1-0"]
[WhiteElo "1563"]
[BlackElo "1410"]
[PlyCount "119"]
[EventDate "2022.12.11"]
[EventType "swiss"]
[EventRounds "11"]
[EventCountry "IND"]
[SourceTitle "EXT 2024"]
[Source "ChessBase"]
[SourceDate "2023.10.10"]
[SourceVersion "1"]
[SourceVersionDate "2023.10.10"]
[SourceQuality "1"]

1. d4 d5 2. c4 c6 3. Nf3 Nf6 4. Qb3 dxc4 5. Qxc4 b5 6. Qc2 Bb7 7. g3 e6 8. Bg2 Nbd7 9. Nc3 Be7 10. 0-0 0-0 11. Rd1 Qb6 12. e4 Rfc8 13. Bf4 a6 14. h3 Qd8 15. Qe2 Qf8 16. g4 Nb6 17. Rac1 Nfd7 18. Ne1 a5 19. Qf3 b4 20. Ne2 c5 21. dxc5 Nxc5 22. Qe3 Ba6 23. b3 Bxe2 24. Qxe2 Qe8 25. Be3 a4 26. Nd3 Qb5 27. Bf1 Nxe4 28. Qf3 Ng5 29. Qb7 Qd5 30. Bg2 Qxb7 31. Bxb7 Rcb8 32. Bxa8 Nxa8 33. Ne5 axb3 34. Nc6 Nxh3+ 35. Kg2 b2 36. Nxb8 bxc1Q 37. Rxc1 h5 38. Rc8+ Kh7 39. Kxh3 hxg4+ 40. Kg2 Bd6 41. Na6 f5 42. Rxa8 f4 43. Bc5 f3+ 44. Kf1 Bf4 45. Nxb4 e5 46. Nd3 g5 47. Nxf4 gxf4 48. Bd6 g3 49. fxg3 fxg3 50. Bxe5 g2+ 51. Kf2 Kg6 52. Rf8 Kg5 53. a4 Kg4 54. a5 Kh3 55. a6 Kh4 56. a7 Kh3 57. a8Q Kh4 58. Qe4+ Kg5 59. Rg8+ Kh5 60. Qh7# 1-0

[Event "IND-ch U13 Girls 35th"]
[Site "Puducherry"]
[Date "2022.12.14"]
[Round "6"]
[White "Saparya, Ghosh"]
[Black "Singh, Myra"]
[Result "1/2-1/2"]
[WhiteElo "1563"]
[BlackElo "1380"]
[PlyCount "153"]
[EventDate "2022.12.11"]
[EventType "swiss"]
[EventRounds "11"]
[EventCountry "IND"]
[SourceTitle "EXT 2024"]
[Source "ChessBase"]
[SourceDate "2023.10.10"]
[SourceVersion "1"]
[SourceVersionDate "2023.10.10"]
[SourceQuality "1"]

1. d4 d5 2. c4 e6 3. Nc3 Nf6 4. cxd5 exd5 5. Bg5 c6 6. e3 Be7 7. Bd3 Nbd7 8. Qc2 h6 9. Bh4 Nh5 10. Bxe7 Qxe7 11. Nf3 Nf4 12. Bf1 Ne6 13. Be2 Nb6 14. 0-0 0-0 15. Rfd1 Rd8 16. Rac1 Bd7 17. Ne5 Rac8 18. Qb1 Qf6 19. b4 Be8 20. f4 Nd7 21. Rf1 Qe7 22. b5 Nxe5 23. fxe5 c5 24. Qd3 Qd7 25. dxc5 Nxc5 26. Qd4 b6 27. Bg4 Ne6 28. Qd1 d4 29. Ne4 Rxc1 30. Qxc1 Qd5 31. Bxe6 Qxe6 32. Qc7 Rd7 33. Qb8 dxe3 34. Nd6 Kf8 35. Re1 Qxe5 36. Qxe8+ Qxe8 37. Nxe8 Kxe8 38. Rxe3+ Re7 39. Ra3 Kd8 40. Kf2 Kc8 41. Rf3 Kc7 42. Rd3 Re5 43. Ra3 Kb7 44. Rb3 a6 45. bxa6+ Kxa6 46. Rf3 f6 47. Rg3 Rg5 48. Re3 h5 49. h3 Ra5 50. a3 Re5 51. Rg3 g5 52. Rb3 b5 53. g4 hxg4 54. hxg4 Re4 55. Rb4 Re5 56. a4 Ka5 57. Rxb5+ Rxb5 58. axb5 Kxb5 59. Ke3 Kc5 60. Ke4 Kd6 61. Kd4 Ke6 62. Ke4 Kf7 63. Kd4 Kf8 64. Ke4 Ke8 65. Kd4 Kf7 66. Ke3 Ke7 67. Kd3 Kd7 68. Ke3 Kc6 69. Ke4 Kd6 70. Kd4 Ke7 71. Ke3 Kf7 72. Kd4 Kf8 73. Ke4 Ke8 74. Kd4 Ke7 75. Ke3 Kf7 76. Kd4 Ke7 77. Ke3 1/2-1/2

[Event "IND-ch U13 Girls 35th"]
[Site "Puducherry"]
[Date "2022.12.12"]
[Round "3"]
[White "Aadya, Gupta"]
[Black "Saparya, Ghosh"]
[Result "1-0"]
[WhiteElo "1350"]
[BlackElo "1563"]
[PlyCount "99"]
[EventDate "2022.12.11"]
[EventType "swiss"]
[EventRounds "11"]
[EventCountry "IND"]
[SourceTitle "EXT 2024"]
[Source "ChessBase"]
[SourceDate "2023.10.10"]
[SourceVersion "1"]
[SourceVersionDate "2023.10.10"]
[SourceQuality "1"]

1. d4 d5 2. c4 e6 3. Nf3 a6 4. c5 b6 5. cxb6 c5 6. Nc3 Nd7 7. g3 Nxb6 8. Bg2 Nf6 9. 0-0 Be7 10. Bg5 Nbd7 11. Rc1 0-0 12. Bxf6 Nxf6 13. Ne5 Bb7 14. e3 Rc8 15. Qb3 Rb8 16. Qa4 Bd6 17. Nf3 Nd7 18. Rfd1 Qb6 19. Qxd7 Rfd8 20. Qa4 Bc6 21. Qc2 Qxb2 22. dxc5 Qxc2 23. Rxc2 Bxc5 24. Rb1 Bd6 25. Rxb8 Rxb8 26. Nd4 Bd7 27. Bf1 e5 28. Nb3 Rc8 29. Bxa6 Rc7 30. Bd3 e4 31. Nxd5 exd3 32. Rxc7 Bxc7 33. Nxc7 Bg4 34. Kf1 g5 35. Ke1 h5 36. Kd2 h4 37. gxh4 gxh4 38. Kxd3 Kg7 39. a4 Kg6 40. a5 Kg5 41. Nd4 Bc8 42. f3 f5 43. a6 f4 44. e4 h3 45. a7 Bb7 46. a8Q Bxa8 47. Nxa8 Kf6 48. Ne2 Ke5 49. Nb6 Kd6 50. Nxf4 1-0

[Event "IND-ch U13 Girls 35th"]
[Site "Puducherry"]
[Date "2022.12.11"]
[Round "2"]
[White "Saparya, Ghosh"]
[Black "Kathakali, Dey"]
[Result "1-0"]
[WhiteElo "1563"]
[BlackElo "1251"]
[PlyCount "119"]
[EventDate "2022.12.11"]
[EventType "swiss"]
[EventRounds "11"]
[EventCountry "IND"]
[SourceTitle "EXT 2024"]
[Source "ChessBase"]
[SourceDate "2023.10.10"]
[SourceVersion "1"]
[SourceVersionDate "2023.10.10"]
[SourceQuality "1"]

1. d4 d5 2. c4 e6 3. Nc3 c6 4. Nf3 Nf6 5. Qb3 Bd6 6. g3 Nbd7 7. Bg2 0-0 8. 0-0 h6 9. Nd2 Re8 10. e4 dxe4 11. Ndxe4 Nxe4 12. Nxe4 Nf6 13. Nxd6 Qxd6 14. Rd1 e5 15. dxe5 Qxe5 16. Be3 Bg4 17. Re1 Qc7 18. f3 Bf5 19. Qc3 Rad8 20. Rad1 a6 21. Qb3 Rxd1 22. Rxd1 Rd8 23. Rd4 Rxd4 24. Bxd4 Qe7 25. Qc3 Qe6 26. Kf2 Bh3 27. Bxf6 gxf6 28. Qd3 Bxg2 29. Kxg2 Qe5 30. Qd2 Kg7 31. b3 b5 32. Qc2 Qd4 33. cxb5 cxb5 34. a4 bxa4 35. bxa4 a5 36. Qe4 Qd2+ 37. Kh3 Qc3 38. Kg4 Qc8+ 39. Kh4 Qc5 40. f4 Qg1 41. h3 Qf2 42. Kg4 Qg1 43. Qd5 Qe1 44. Qc4 Qd1+ 45. Kh4 Qe1 46. f5 Qb4 47. Qf4 Qc5 48. Kh5 Kg8 49. Kxh6 Qf8+ 50. Kh5 Kh7 51. g4 Qg7 52. g5 fxg5 53. Qxg5 Qd4 54. f6 Qd1+ 55. Qg4 Qxg4+ 56. hxg4 Kh8 57. Kh6 Kg8 58. g5 Kf8 59. Kh7 Ke8 60. Kg7 1-0

[Event "IND-ch U15 Girls 38th"]
[Site "New Delhi"]
[Date "2022.12.06"]
[Round "11"]
[White "Kheerthi, Ganta"]
[Black "Saparya, Ghosh"]
[Result "1/2-1/2"]
[WhiteElo "1675"]
[BlackElo "1595"]
[PlyCount "60"]
[EventDate "2022.11.28"]
[EventType "swiss"]
[EventRounds "11"]
[EventCountry "IND"]
[SourceTitle "EXT 2024"]
[Source "ChessBase"]
[SourceDate "2023.10.10"]
[SourceVersion "1"]
[SourceVersionDate "2023.10.10"]
[SourceQuality "1"]

1. d4 d5 2. c4 e6 3. Nc3 Nf6 4. cxd5 exd5 5. Bg5 c6 6. e3 h6 7. Bh4 Be7 8. Qc2 0-0 9. Bd3 Re8 10. Nge2 Nbd7 11. 0-0 a5 12. a3 b5 13. Rfc1 Bb7 14. Bg3 Bf8 15. Nb1 Qb6 16. Nd2 c5 17. dxc5 Bxc5 18. Nc3 d4 19. exd4 Bxd4 20. Nxb5 Rec8 21. Qd1 Rc5 22. Nxd4 Rxc1 23. Rxc1 Qxd4 24. Qb3 Nc5 25. Rxc5 Qxc5 26. Qxb7 Rd8 27. Qb3 Ra8 28. Qb7 Rd8 29. Qb3 Ra8 30. Qb7 Rd8 1/2-1/2

[Event "IND-ch U15 Girls 38th"]
[Site "New Delhi"]
[Date "2022.12.05"]
[Round "10"]
[White "Saparya, Ghosh"]
[Black "Sajitha, B."]
[Result "1-0"]
[WhiteElo "1595"]
[BlackElo "1509"]
[PlyCount "65"]
[EventDate "2022.11.28"]
[EventType "swiss"]
[EventRounds "11"]
[EventCountry "IND"]
[SourceTitle "CBM 211 Extra"]
[Source "ChessBase"]
[SourceDate "2023.01.31"]
[SourceVersion "1"]
[SourceVersionDate "2023.01.31"]
[SourceQuality "1"]

1. d4 Nf6 2. c4 e6 3. Nc3 Bb4 4. Bd2 0-0 5. Nf3 d5 6. e3 b6 7. cxd5 exd5 8. Bd3 Bb7 9. Rc1 Be7 10. 0-0 Nbd7 11. Qc2 c5 12. b3 Rc8 13. Qb1 Re8 14. Ne5 Nxe5 15. dxe5 Ne4 16. Rfd1 f5 17. f3 Nxc3 18. Bxc3 g6 19. Bc4 a6 20. e4 fxe4 21. Qxe4 b5 22. Bxd5+ Bxd5 23. Rxd5 Qb6 24. Kh1 c4 25. b4 Bf8 26. Rcd1 Qe6 27. f4 Rc6 28. h3 h5 29. Rd7 Rd6 30. R7xd6 Bxd6 31. Rxd6 Qxd6 32. exd6 Rxe4 33. d7 1-0

[Event "IND-ch U15 Girls 38th"]
[Site "New Delhi"]
[Date "2022.12.03"]
[Round "8"]
[White "Saparya, Ghosh"]
[Black "Aadya, Gupta"]
[Result "1-0"]
[WhiteElo "1595"]
[BlackElo "1350"]
[PlyCount "113"]
[EventDate "2022.11.28"]
[EventType "swiss"]
[EventRounds "11"]
[EventCountry "IND"]
[SourceTitle "CBM 211 Extra"]
[Source "ChessBase"]
[SourceDate "2023.01.31"]
[SourceVersion "1"]
[SourceVersionDate "2023.01.31"]
[SourceQuality "1"]

1. d4 d5 2. c4 e6 3. Nc3 Nf6 4. cxd5 exd5 5. Bg5 c6 6. e3 Be7 7. Bd3 0-0 8. Qc2 Nbd7 9. Nge2 Re8 10. 0-0 Nf8 11. f3 h6 12. Bh4 Ne6 13. Bf2 b6 14. e4 dxe4 15. Nxe4 Bb7 16. Nxf6+ Bxf6 17. Rad1 Re7 18. Bc4 Nc7 19. Ng3 Rd7 20. Qf5 Ba6 21. Bxa6 Nxa6 22. Nh5 Be7 23. Qg4 g6 24. Rfe1 Bg5 25. Ng3 Nc7 26. f4 Bh4 27. f5 Qg5 28. Qe4 Bxg3 29. Bxg3 Qxf5 30. Qxc6 Qd5 31. Qc1 Kh7 32. Re5 Qxa2 33. Bf4 h5 34. Qc2 Kg7 35. Qc6 Qb3 36. Rf1 Rxd4 37. Bg5 Rd1 38. Qf6+ Kh7 39. Re7 Rxf1+ 40. Qxf1 Nb5 41. Rxf7+ Kg8 42. Rf6 Kg7 43. Qe1 Rf8 44. Qe7+ Rf7 45. Rxf7+ Qxf7 46. Qe5+ Kh7 47. Qxb5 Qe6 48. h3 Qe1+ 49. Kh2 Qe6 50. Bf4 Kg8 51. Qd3 Qf7 52. Qd8+ Kh7 53. Be5 Qg8 54. Qe7+ Kh6 55. h4 a6 56. Bf4+ g5 57. Bxg5+ 1-0

[Event "Wch U12 Girls"]
[Site "Batumi"]
[Date "2022.09.25"]
[Round "9"]
[White "Saparya, Ghosh"]
[Black "Assylkhan, Asiya"]
[Result "1/2-1/2"]
[WhiteElo "1563"]
[BlackElo "1424"]
[PlyCount "78"]
[EventDate "2022.09.16"]
[EventType "swiss"]
[EventRounds "11"]
[EventCountry "GEO"]
[SourceTitle "EXT 2023"]
[Source "ChessBase"]
[SourceDate "2022.10.05"]
[SourceVersion "1"]
[SourceVersionDate "2022.10.05"]
[SourceQuality "1"]

1. d4 Nf6 2. c4 e6 3. Nf3 d5 4. cxd5 exd5 5. Nc3 c6 6. Bg5 Be7 7. e3 Bf5 8. Bd3 Bxd3 9. Qxd3 h6 10. Bh4 Nbd7 11. 0-0 Nh5 12. Bxe7 Qxe7 13. e4 dxe4 14. Nxe4 0-0 15. Rfe1 Qb4 16. a3 Qb6 17. Ne5 Nhf6 18. Nd6 Rad8 19. Rad1 Qc7 20. Nf5 Nxe5 21. Qg3 Nf3+ 22. Qxf3 Kh7 23. Re7 Rd7 24. Rde1 Rxe7 25. Rxe7 Re8 26. Rxe8 Nxe8 27. Qg4 c5 28. h3 cxd4 29. Qxd4 Nf6 30. Nd6 b6 31. Nb5 Qe7 32. Qd3+ Kg8 33. Qd4 Kh7 34. Qd3+ Kg8 35. Qe3 Qxe3 36. fxe3 a5 37. Nd6 Kf8 38. Nc4 Nd7 39. Kf2 Ke7 1/2-1/2